000 00645nam a22002057a 4500
003 NUST
005 20230117152351.0
008 190705b ||||| |||| 00| 0 eng d
038 _aMr.Atta
082 _a510
100 _aMalik, Mehar Ali
_916860
245 _aConstruction of Some New Super Edge Magic Total Graphs Using Old Ones /
_cMehar Ali Malik
260 _aIslamabad :
_bCAMP - NUST,
_c2012.
300 _a61 p. ; ill. ;
_c30cm.
500 _aHardcover.
650 _aMathematics - M.Phil Thesis
_916594
700 _aDr. Muhammad Imran
_916644
856 _uhttp://10.250.8.41:8080/xmlui/handle/123456789/4238
942 _2ddc
_cTHE
999 _c525914
_d525914